• 首页
  • 本馆介绍
  • 公告通知
  • 最新文献
  • 馆藏检索
  • 电子资源
  • 读者导购
  • 参考咨询
  • 我的图书馆
  • 登录
  • 详细信息显示
  • 放入我的书架
  • 预约/预借图书
  • 作者相关作品
  • 分类相关作品
  • 丛书相关作品
  • 出版社相关作品

书目信息

  • 表格格式
  • 工作单格式
  • 卡片格式
题名:
线性代数与概率统计学习指导
    
 
作者: 朱宝彦 , 刘玉柱 , 戚中 主编
分册:  
出版信息: 沈阳   辽宁大学出版社  2009
页数: 315页
开本: 26cm
丛书名:
单 册:
中图分类: O151.2 , O21
科图分类:
主题词: 线性代数--教学参考资料 , 概率论--教学参考资料 , 数理统计--教学参考资料 , 线性代数 , 概率论 , 数理统计
电子资源:
ISBN: 978-7-5610-5915-9
000 01149nam0 2200325 45
001 1138513188
005 20110419101947.07
010    @a978-7-5610-5915-9@dCNY29.80
100    @a20110409d2009 em y0chiy0110 ea
101 0  @achi
102    @aCN@b210000
105    @ay z 000yy
106    @ar
200 1  @a线性代数与概率统计学习指导@AXian Xing Dai Shu Yu Gai Lu^ Tong Ji Xue Xi Zhi Dao@f朱宝彦,刘玉柱,戚中主编@FZhu Bao Yan, Liu Yu Zhu, Qi Zhong Zhu Bian
210    @a沈阳@c辽宁大学出版社@d2009
215    @a315页@d26cm
330    @a本书上篇为线性代数,共分六章;下篇为概率统计,共分九章。每章分教学基本要求、本章导学、知识点精要、疑难问题及常见错误例析、典型例题解析、同步习题及解答六个部分。
606 0  @a线性代数@j教学参考资料
606 0  @a概率论@j教学参考资料
606 0  @a数理统计@j教学参考资料
606 0  @a线性代数
606 0  @a概率论
606 0  @a数理统计
690    @aO151.2@v4
690    @aO21@v4
701  0 @a朱宝彦@AZhu Bao Yan@f(1962.11~)@4主编
701  0 @a刘玉柱@ALiu Yu Zhu@g(高等数学)@4主编
701  0 @a戚中@AQi Zhong@4主编
801  0 @aCN@bTANGWEI@c20110419
905    @b0536440-44@dO151.2@e310@f5
    
    线性代数与概率统计学习指导/朱宝彦,刘玉柱,戚中主编.-沈阳:辽宁大学出版社,2009
    315页;26cm
    
    
    ISBN 978-7-5610-5915-9:CNY29.80
    本书上篇为线性代数,共分六章;下篇为概率统计,共分九章。每章分教学基本要求、本章导学、知识点精要、疑难问题及常见错误例析、典型例题解析、同步习题及解答六个部分。
●
相关链接 在E读中查询图书 在五车中查询图书 在当当中查询图书 在豆瓣中查询图书


正题名:线性代数与概率统计学习指导     索取号:O151.2/310         预约/预借

序号 登录号 条形码 馆藏地/架位号 状态 备注
1 0536440   205364407   第二样本阅览室/ [索取号:O151.2/310] 在馆    
2 0536441   205364416   第三借阅区/ [索取号:O151.2/310] 在馆    
3 0536442   205364425   第三借阅区/ [索取号:O151.2/310] 在馆    
4 0536443   205364434   第三借阅区/ [索取号:O151.2/310] 在馆    
5 0536444   205364443   第三借阅区/ [索取号:O151.2/310] 在馆    
唐山师范学院图书馆 欢迎您!
大连网信软件有限公司© 版权所有